Pierwsza sześciolatka, 1989-1995 : próba bilansu polityki /
Disimpan dalam:
| Pengarang Korporat: | |
|---|---|
| Pengarang-pengarang Lain: | , |
| Format: | Buku |
| Bahasa: | Polish |
| Diterbitkan: |
Warszawa :
Instytut Studiów Politycznych PAN,
1997.
|
| Subjek-subjek: | |
| Penanda-penanda: |
Tambah Penanda
Tiada Penanda, Jadilah orang pertama menanda rekod ini!
|
| LEADER | 01055nam a2200301Ia 4500 | ||
|---|---|---|---|
| 001 | 007736734-0 | ||
| 005 | 20020606104010.5 | ||
| 008 | 980227s1997 pl b 000 0 pol d | ||
| 020 | |a 8386759232 | ||
| 035 | 0 | |a ocm38526811 | |
| 040 | |a PIT |c PIT |d HLS | ||
| 041 | 0 | |a pol |b eng | |
| 043 | |a e-pl--- | ||
| 090 | |a DK4449 |b .P55 1997 | ||
| 245 | 0 | 0 | |a Pierwsza sześciolatka, 1989-1995 : |b próba bilansu polityki / |c pod redakcją Mirosławy Grabowskiej i Stanisława Mocka. |
| 260 | |a Warszawa : |b Instytut Studiów Politycznych PAN, |c 1997. | ||
| 300 | |a 203 p. ; |c 21 cm. | ||
| 500 | |a At head of title: Instytut Studiów Politycznych Polskiej Akademii Nauk. | ||
| 504 | |a Includes bibliographical references. | ||
| 546 | |a Summary in English. | ||
| 650 | 0 | |a Political parties |z Poland. | |
| 650 | 0 | |a Post-communism |z Poland. | |
| 651 | 0 | |a Poland |x Politics and government |y 1989- | |
| 700 | 1 | |a Grabowska, Mirosława, |d 1949- | |
| 700 | 1 | |a Mocek, Stanisław. | |
| 710 | 2 | |a Instytut Studiów Politycznych (Polska Akademia Nauk) | |
| 988 | |a 20020608 | ||
| 906 | |0 OCLC | ||


